Programa Alimentación Escolar. Informe de Cobertura Escolar (Record no. 8794)
[ view plain ]
| 000 -LEADER | |
|---|---|
| campo de control de longitud fija | 00406nam a2200133Ia 4500 |
| 001 - NÚMERO DE CONTROL | |
| campo de control | 1458 |
| 008 - DATOS DE LONGITUD FIJA--INFORMACIÓN GENERAL | |
| campo de control de longitud fija | 241024s9999 xx 000 0 und d |
| 082 ## - NÚMERO DE LA CLASIFICACIÓN DECIMAL DEWEY | |
| Número de clasificación | RD/371.716/R426p |
| 100 ## - ENTRADA PRINCIPAL--NOMBRE DE PERSONA | |
| Nombre de persona | República Dominicana.Secretaría de Estado de Educación |
| 245 #0 - MENCIÓN DEL TÍTULO | |
| Título | Programa Alimentación Escolar. Informe de Cobertura Escolar |
| 260 ## - PUBLICACIÓN, DISTRIBUCIÓN, ETC. | |
| Nombre del editor, distribuidor, etc. | [*SIN EDITORIAL*] |
| Fecha de publicación, distribución, etc. | 2008 |
| 901 ## - ELEMENTOS DE DATOS A LOCAL LDA (RLIN) | |
| a | 4/5/2011 2:20:21 p.m. |
No items available.